| 000 | 00568nam a2200181Ia 4500 | ||
|---|---|---|---|
| 005 | 20250923144622.0 | ||
| 008 | 008 250917s9999 xx 000 0 eng d | ||
| 037 | _aTextual | ||
| 040 |
_aDSWL _beng _cDSWL |
||
| 041 |
_aeng _2eng |
||
| 084 |
_aY57.251'N5t4, N58 _qDSWL |
||
| 100 |
_aBhatt, I.P.T. _9826688 |
||
| 245 | 0 |
_aJhandewala A case study of Slum in Delhi _cby I.P.T. Bhatt |
|
| 260 |
_aDelhi _bDelhi School of Social Work _c1958 |
||
| 300 | _axvii,174,xxip. | ||
| 942 |
_cTEXL _hY57.251'N5t4, N58 |
||
| 999 |
_c1441234 _d1441234 |
||